| 000 | 00946nas a2200277 4500 | ||
|---|---|---|---|
| 001 | BR2014001924 | ||
| 003 | BR-BrBNA | ||
| 005 | 20231205123837.0 | ||
| 007 | ta | ||
| 008 | 230509b bl.|||p| |||| 00| 00por d | ||
| 040 |
_aBR-BrBNA _bpor _cBiblioteca Nacional de Agricultura |
||
| 041 | _a(Pt) | ||
| 072 | _aL60 | ||
| 100 | 1 | _aLinzmeier, A.M. | |
| 100 | 1 | _aRibeiro-Costa, C.S. | |
| 100 | 1 | _aMarinoni, R.C. | |
| 245 | 1 | _aFauna de Alticini (Newman)(Coleoptera, Chrysomelidae, Galerucinae)em diferentes estágios sucessionais na floresta com araucária do Paraná, Brasil: diversidade e estimativa de riqueza de espécies | |
| 650 | _aBESOURO | ||
| 650 | _aFAUNA | ||
| 650 | _aARAUCÁRIA | ||
| 650 | _aMANEJO | ||
| 650 | _aLEVANTAMENTO | ||
| 773 | 0 |
_tRevista Brasileira de Entomologia (Brazil) _xISSN 0085-5626 _g(Jan-Mar 2006), v. 50(1) p. 101-109 _wBR2014001924 |
|
| 909 |
_a202311 _bLúcia _c55 _dLúcia Elande |
||
| 942 |
_2AGRIS _n0 _cANA |
||
| 999 |
_c235995 _d235995 |
||